000 01644pam a2200337 a 4500
001 015292494
003 Uk
005 20100827141559.0
008 090609s2009 enka b 001 0 eng d
020 _a1906124124 (pbk.)
020 _a9781906124120 (pbk.) :
082 0 4 _a658.4032
_222
_bHOL
100 1 _aHolt, Jon.
_929193
245 1 2 _aA Pragmatic Guide to Business Process Modelling /
_cJon Holt.
250 _a2nd ed.
260 _aSwindon :
_bBritish Computer Society,
_cc2009.
300 _axxxi, 215 p. :
_bill. ;
_c25 cm.
500 _aPrevious ed.: 2005.
504 _aIncludes bibliographical references and index.
650 0 _aBusiness planning
_xComputer simulation.
_929194
650 0 _aProduction planning
_xComputer simulation.
_929195
650 0 _aUML (Computer science)
_929196
653 _bCS
_cMarch2012
710 2 _aBritish Computer Society.
_929197
942 _2ddc
_cBB
999 _c16540
_d16540